Страны по их кинорежииссёрам - Statistics

General Stats
  • This quiz has been taken 72 times
  • The average score is 10 of 15
Answer Stats
режиссёр страна % Correct
Акира Куросава Япония
95%
Федерико Феллини Италия
92%
Александр Довженко Украина
90%
Александр Сокуров Россия
87%
Кристофер Нолан США
85%
Жан-Люк Годар Франция
84%
Андрей Тарковский СССР
79%
Анджей Вайда Польша
70%
Ингмар Бергман Швеция
66%
Вернер Херцог Германия
62%
Ларс фон Триер Дания
57%
Эдгар Райт Великобритания
51%
Джордж Миллер Австралия
48%
Йоргос Лантимос Греция
44%
Дэвид Кроненберг Канада
34%
No matching quizzes found
Score Distribution
Percent of People with Each Score
Percentile by Number Answered
Your Score History
You have not taken this quiz